| 000 | 00351nam a22001457a 4500 | ||
|---|---|---|---|
| 020 | _a0-535-50443-4 | ||
| 082 |
_a574 _bSTA/B |
||
| 100 | _aSTARR, CECIE | ||
| 245 | _aBASIC CONCEPTS IN BIOLOGY | ||
| 250 | _aTHIRD EDITION | ||
| 260 |
_aUNITED STATES _bWADSWORTH PUBLISHING COMPANY |
||
| 300 | _a743 | ||
| 650 |
_aBIOLOGY REFERENCE _zINDIA |
||
| 942 | _cBK | ||
| 999 |
_c1450 _d1450 |
||